| 000 | 00437nam a22001577a 4500 | ||
|---|---|---|---|
| 005 | 20231115085228.0 | ||
| 008 | 231115b |||||||| |||| 00| 0 eng d | ||
| 041 | _aEnglish | ||
| 082 | _a344.4 ENV | ||
| 100 |
_aBrauteseth, NL _lEnglish |
||
| 245 |
_aEnvironment and The Law / _cNL Brauteseth |
||
| 260 | _c1992 | ||
| 300 |
_b29 pages ; _c30,5 cm. |
||
| 650 |
_aLegal practice _bLaw |
||
| 942 |
_cBK _6ALISON_BN_VRIES |
||
| 999 |
_c659 _d659 |
||